000 00643cam a22001935a 4500
001 L156948
008 120731s1809 xxk f 000 0 eng d
035 _a(Sirsi) u156948
041 0 _aeng
100 1 _aCrocker, Abraham
245 0 4 _aThe elements of land surveying, designed principally for the use of schools & students
260 _aLondon
_bRichard Phillips
_c1806 [1809]
300 _axii, 312, 12 p.
_bplates
_c18 cm.
520 _aAuthor's dedicatory epistle dated January 1809.
583 _aCondition reviewed
_c20120620
_lcondition level 2 and 4
651 4 _aGreat Britain
_y1707-
690 _aMeasurement
_96256
942 _n0
999 _c114509
_d114509